000 01808nam a2200397 i 4500
001 990226356140107026
003 UkOxU
005 20251008103029.0
008 200602t20212012enka 001 0 eng d
015 _aGBC0A0772
_2bnb
016 7 _a019866932
_2Uk
020 _a9781786276827
035 _a(UkOxU)022635614
035 _a(UkOxU)022635614BIB01
035 _a(UkCU)991006800458203606
035 _a(Uk)019866932
035 _a(StEdALDL)1/3975979
040 _aStDuBDS
_beng
_erda
_cStDuBDS
_dUkCU
041 _aeng
042 _aukscp
050 _aTT509
_b.B53 2007
100 _aBlackman, Cally
_eauthor
_926061
245 _a100 years of fashion
_c/ Cally Blackman.
246 _aOne hundred years of fashion
246 _aHundred years of fashion
260 _aLondon :
_bLaurence King Publishing,
_c2021.
300 _a399 pages :
_billustrations (black and white, and colour) ;
_c20 cm.
500 _aIncludes index.
500 _aFirst published: 2012.
505 _aIntroduction — 1900-1924 — 1925-1949 — 1950-1974 — 1975 and beyond — List of illustrators — Index — Picture credits and acknowledgements.
520 _aThis book documents the most exciting and diverse period in fashion: from 1900 on, when women’s lives and manner of dress changed dramatically. From home dressmaking to couture, from wartime rationing to ‘The New Look’, from the birth of the teenager to mass manufacture, this selection of over 400 photographs and illustrations tells the fascinating story of a fashion revolution. 100 Years of Fashion will appeal to everyone with an interest in fashion.
650 0 _aFashion design
_xHistory
_y20th century
_922506
650 0 _aFashion drawing
_xHistory
_y20th century
_926062
650 0 _aFashion
_xHistory
_99682
942 _2lcc
999 _c5020
_d5020